How 30 great ads were made : (Record no. 145849)

MARC details
000 -LEADER
fixed length control field 00833nam a2200253 a 4500
001 - CONTROL NUMBER
control field vtls003232892
003 - CONTROL NUMBER IDENTIFIER
control field MY-SjTCS
005 - DATE AND TIME OF LATEST TRANSACTION
control field 20200226115249.0
008 - FIXED-LENGTH DATA ELEMENTS--GENERAL INFORMATION
fixed length control field 120611s2012 enkao 000 0 eng d
020 ## - INTERNATIONAL STANDARD BOOK NUMBER
International Standard Book Number 9781856698214 (pbk.)
020 ## - INTERNATIONAL STANDARD BOOK NUMBER
International Standard Book Number 1856698211 (pbk.)
039 #9 - LEVEL OF BIBLIOGRAPHIC CONTROL AND CODING DETAIL [OBSOLETE]
Level of rules in bibliographic description 201209041457
Level of effort used to assign nonsubject heading access points wilmina
-- 201206111423
-- malathy
082 04 - DEWEY DECIMAL CLASSIFICATION NUMBER
Classification number 659.113
Item number WIL 2012
100 1# - MAIN ENTRY--PERSONAL NAME
Personal name Williams, Eliza.
245 10 - TITLE STATEMENT
Title How 30 great ads were made :
Remainder of title from idea to campaign /
Statement of responsibility, etc. Eliza Williams.
246 1# - VARYING FORM OF TITLE
Title proper/short title How thirty great ads were made
260 ## - PUBLICATION, DISTRIBUTION, ETC.
Place of publication, distribution, etc. London :
Name of publisher, distributor, etc. Laurence King,
Date of publication, distribution, etc. 2012.
300 ## - PHYSICAL DESCRIPTION
Extent 224 p. :
Other physical details ill. (some col.) ;
Dimensions 28 cm.
650 #0 - SUBJECT ADDED ENTRY--TOPICAL TERM
Topical term or geographic name entry element Advertising
650 #0 - SUBJECT ADDED ENTRY--TOPICAL TERM
Topical term or geographic name entry element Advertising
General subdivision History
Chronological subdivision 21st century.
650 #0 - SUBJECT ADDED ENTRY--TOPICAL TERM
Topical term or geographic name entry element Advertising
Form subdivision Case studies.
9 (RLIN) 28703
650 #0 - SUBJECT ADDED ENTRY--TOPICAL TERM
Topical term or geographic name entry element Advertising campaigns
Form subdivision Case studies.
920 ## - Programme
Programme SOD : 184421
Holdings
Withdrawn status Lost status Source of classification or shelving scheme Damaged status Not for loan Home library Current library Date acquired Cost, normal purchase price Total Checkouts Barcode Date last seen Date last checked out Copy number Uniform Resource Identifier Cost, replacement price Koha item type Public note
    Dewey Decimal Classification     Taylor's Library-TU Taylor's Library-TU 27/07/2012 112.50 18 5000134516 05/12/2019 08/05/2018 1 Floor 4, Shelf 27 , Side 2, TierNo 5, BayNo 8 112.50 Main Collection TDSxx,29004,03,GR